00857cam a2200217 a 4500020002800000040000800028082002600036245006700062246007300129260006200202300003400264490005200298650002500350650002800375650002500403700001800428700001900446942001000465999001700475952014700492 a0792367219 (alk. paper) cDLC00a333 KLU 2001 C156 Or.00aEnvironment in the 21st century and new development patterns /3 aEnvironment in the twenty-first century and new development patterns aDordrecht ;aBoston :bKluwer Academic Publishers,cc2001 aviii, 303 p. :bill. ;c25 cm1 aInstitute for Global Environmental Strategies ; 0aEconomic development 0aEnvironmental economics 0aTwenty-first century1 aMatsushita, K1 aHelten, Randal cAEDBB c18976d18976 0010406333_000000000000000_KLU_2001_C156_OR70983722aLBCbLBCcC156d2020-02-18eA39602o333 KLU 2001 C156 Or.r2020-02-18w2020-02-18yEK